Menopausal years : (Record no. 1636)
[ view plain ]
| 000 -LEADER | |
|---|---|
| fixed length control field | 00884nac a22002411u 4500 |
| 010 ## - LIBRARY OF CONGRESS CONTROL NUMBER | |
| LC control number | 92070069 |
| 020 ## - INTERNATIONAL STANDARD BOOK NUMBER | |
| International Standard Book Number | 0961462043 (pbk.) : |
| 082 00 - DEWEY DECIMAL CLASSIFICATION NUMBER | |
| Classification number | 618.175 |
| Item number | W3942 |
| 090 ## - LOCALLY ASSIGNED LC-TYPE CALL NUMBER (OCLC); LOCAL CALL NUMBER (OCLC) | |
| -- | 1636 |
| -- | 1636 |
| 100 ## - MAIN ENTRY--PERSONAL NAME | |
| Personal name | Weed, Susun S. |
| 245 10 - TITLE STATEMENT | |
| Title | Menopausal years : |
| Remainder of title | the wise woman way / |
| Statement of responsibility, etc | Susun S. Weed. |
| 260 ## - PUBLICATION, DISTRIBUTION, ETC. (IMPRINT) | |
| Place of publication, distribution, etc | Woodstock, N.Y. : |
| Name of publisher, distributor, etc | Ash Tree Pub., |
| Date of publication, distribution, etc | c1992. |
| 300 ## - PHYSICAL DESCRIPTION | |
| Extent | xxiii, 199 p. : |
| Other physical details | ill. ; |
| Dimensions | 22 cm. |
| 440 #0 - | |
| -- | Wise woman ways |
| 500 ## - GENERAL NOTE | |
| General note | Donations |
| 500 ## - GENERAL NOTE | |
| General note | Donations - Dr. Mostafa Gouda |
| 504 ## - BIBLIOGRAPHY, ETC. NOTE | |
| Bibliography, etc | Includes bibliographical references and index. |
| 650 #0 - SUBJECT ADDED ENTRY--TOPICAL TERM | |
| Topical term or geographic name as entry element | Menopause |
| General subdivision | Popular works. |
| 650 #0 - SUBJECT ADDED ENTRY--TOPICAL TERM | |
| Topical term or geographic name as entry element | Menopause |
| General subdivision | Complications |
| -- | Alternative treatment. |
| 650 #0 - SUBJECT ADDED ENTRY--TOPICAL TERM | |
| Topical term or geographic name as entry element | Herbs |
| General subdivision | Therapeutic use. |
| 942 ## - ADDED ENTRY ELEMENTS (KOHA) | |
| Item type | Book - Borrowing |
| Call number prefix | 618.175W3942 |
| Withdrawn status | Item status | Damaged status | Not for loan | Home library | Current library | Shelving location | Date acquired | Source of acquisition | Total Checkouts | Full call number | Barcode | Date last seen | Koha item type |
|---|---|---|---|---|---|---|---|---|---|---|---|---|---|
| Central Library | Central Library | First floor | 21/11/2006 | Purchase | 618.175 WEE | 000002705 | 15/07/2025 | Book - Borrowing |